Le 11 type de la ligue des champions 2024-2025 - Statistiques

Statistiques générales
  • Ce quiz a été pris 250 fois
  • Le résultat moyen est 10 sur 11
Statistiques - réponses
Poste Club Joueur % Correct
BU Paris Saint Germain Ousmane Dembélé
99%
AD FC Barcelone Lamine Yamal
98%
DD Paris Saint Germain Achraf Hakimi
97%
DG Paris Saint Germain Nuno Mendes
95%
MC Paris Saint Germain Vitinha
95%
DC Paris Saint Germain Marquinhos
94%
BU Paris Saint Germain Désiré Doué
93%
MC Arsenal Declan Rice
91%
AG FC Barcelone Raphinha
91%
G Paris Saint Germain Gianluigi Donnarumma
89%
DC Inter Milan Alessandro Bastoni
73%
Aucun quiz correspondant
Distribution des résultats
% des personnes avec chaque résultat
Percentile par nombre de réponses
Votre historique - résultats
Vous n’avez pas pris ce quiz